000 00588nam a22001577a 4500
008 140827b xxu||||| |||| 00| 0 eng d
020 _a0406091889
050 _aKD275.4.L39(1913)
245 _aThe Law Reports of the Incorporated Council of Law Reporting, Appeal Cases(1913): House of Lords, Judicial Committee of the Privy Council and Peerage Cases. /
_ceditor Frederick Pollock and A.P. Stone
260 _aLondon:
_bButterworth and Co.,
_c1913.
300 _axv,873p.:
440 _pAppeal cases 1913.
700 _aPollock,Frederick
700 _aStone, A.P.
942 _2lcc
_cBK
999 _c3812
_d11312